| 000 | 00578nam a2200205Ia 4500 | ||
|---|---|---|---|
| 003 | SISC | ||
| 005 | 20181121065808.0 | ||
| 008 | 181119s9999 xx 000 0 und d | ||
| 020 | _a9780307640797 | ||
| 050 |
_aQL 676 _b.K92 1991 |
||
| 100 | _aKress, Stephen W. | ||
| 245 |
_aBird life: _ba guide to the behavior and biology of birds / _cStephen W. Kress |
||
| 260 |
_aNY : _bGolden Press _c1991 |
||
| 300 |
_a160 pages : _bcol. illustration ; _c19 cm. |
||
| 500 | _aincludes index | ||
| 650 | _aBirds | ||
| 650 | _aBirds -- behavior | ||
| 942 |
_2lcc _cBK |
||
| 999 |
_c359445 _d359445 |
||